Analysis of Productivity, Innovation, and Performance in Selected Sectors of the Creative Industries

Skúmanie produktivity, inovácií a výkonnosti vybraných sektorov v rámci kultúry a kreatívneho priemyslu v členských štátoch Európskej únie.

Salvato in:
Dettagli Bibliografici
Autore principale: Majdúchová, Helena, 1963-
Altri autori: Drugda, Kristián, 1998-
Natura: Capitolo di libro
Lingua:inglese
Soggetti:
Tags: Aggiungi Tag
Nessun Tag, puoi essere il primo ad aggiungerne!!

MARC

LEADER 00000naa$a2200000$$$4500
001 0306353
005 20250122095621.6
041 0 |a eng 
044 |a CZ 
245 1 0 |a Analysis of Productivity, Innovation, and Performance in Selected Sectors of the Creative Industries  |c Helena Majdúchová, Kristián Drugda 
520 |a Skúmanie produktivity, inovácií a výkonnosti vybraných sektorov v rámci kultúry a kreatívneho priemyslu v členských štátoch Európskej únie. 
610 2 0 |a ekonomika kreatívna 
610 2 0 |a vlastníctvo duševné 
610 2 0 |a príjmy 
610 2 0 |a produktivita 
610 2 0 |a inovácie technologické 
610 2 0 |a výkonnosť ekonomiky 
610 2 0 |a priemysel kreatívny 
610 2 0 |a priemysel kultúrny 
610 2 0 |a priemysel umelecký 
100 1 |a Majdúchová, Helena, 1963- 
700 1 |a Drugda, Kristián, 1998-